Hundred Tamil folk and tribal tales/ (Record no. 47987)

MARC details
000 -LEADER
fixed length control field 01293cam a2200313 a 4500
005 - DATE AND TIME OF LATEST TRANSACTION
control field 20031230185550.0
008 - FIXED-LENGTH DATA ELEMENTS--GENERAL INFORMATION
fixed length control field 940308s1993 enkab b 001 0 eng
010 ## - LCCN (DPL NO)
LC control number ENG-101576
020 ## - INTERNATIONAL STANDARD BOOK NUMBER
International Standard Book Number 9788125039204
Terms of availability 295.00
035 ## - SYSTEM CONTROL NUMBER
System control number EN-85109
037 ## - SOURCE OF ACQUISITION
Source of stock number/acquisition DBAD/PUB
040 ## - CATALOGING SOURCE
Original cataloging agency dpl
Language of cataloging Eng
082 ## - DEWEY DECIMAL CLASSIFICATION NUMBER
Classification number S
100 1# - MAIN ENTRY--PERSONAL NAME
Personal name Gardner, Jane F.
9 (RLIN) 22405
245 10 - TITLE STATEMENT
Title Hundred Tamil folk and tribal tales/
Statement of responsibility, etc translated, edited and annotated by Sujatha Vijayaraghavan ; from the Tamil Naatupura kathai kalanjiyam ; edited by Aaru Ramanathan.
260 ## - PUBLICATION, DISTRIBUTION, ETC. (IMPRINT)
Place of publication, distribution, etc New Delhi
Name of publisher, distributor, etc Orient Blackswan
Date of publication, distribution, etc 2010
270 ## - ADDRESS
Address 1/24 Asaf Ali Road
City New Delhi
Postal code 110002
300 ## - PHYSICAL DESCRIPTION
Extent xxxi,291p.
Dimensions 23cm (pbk)
500 ## - GENERAL NOTE
General note Translated from Tamil
500 ## - GENERAL NOTE
General note Includes bibliographical references (p. [290]-291).
520 ## - SUMMARY, ETC.
Summary, etc Selected folk tales from the original in Tamil.
650 #0 - SUBJECT ADDED ENTRY--TOPICAL TERM
9 (RLIN) 22406
Topical term or geographic name as entry element Tales
Geographic subdivision India
-- Tamil Nadu.
700 ## - ADDED ENTRY--PERSONAL NAME
Personal name Vijayaraghavan, Sujatha
9 (RLIN) 22410
700 ## - ADDED ENTRY--PERSONAL NAME
Personal name Ramanathan,Aaru
9 (RLIN) 22869
856 42 - ELECTRONIC LOCATION AND ACCESS
Uniform Resource Identifier <a href="http://www.loc.gov/catdir/description/texas041/93060588.html">http://www.loc.gov/catdir/description/texas041/93060588.html</a>
856 41 - ELECTRONIC LOCATION AND ACCESS
Uniform Resource Identifier <a href="http://www.loc.gov/catdir/toc/texas041/93060588.html">http://www.loc.gov/catdir/toc/texas041/93060588.html</a>
942 ## - ADDED ENTRY ELEMENTS (KOHA)
Source of classification or shelving scheme Dewey Decimal Classification
Item type English Books
Call number suffix HUN
Classification part S
Holdings
Withdrawn status Lost status Source of classification or shelving scheme Damaged status Not for loan Collection code Home library Current library Date acquired Source of acquisition Cost, normal purchase price Total Checkouts Full call number Barcode Date last seen Copy number Cost, replacement price Koha item type
    Dewey Decimal Classification   Not For Loan Non-fiction D.B.Act.Division D.B.Act.Division 29/09/2010 DBAD/PUB 295.00   S HUN EN-85109 29/09/2010 1 295.00 English Books

© Delhi Public Library
Hit Counter
free hit counter